| 000 | 01441nac a22003131ib4500 | ||
|---|---|---|---|
| 003 | EG-ScBUE | ||
| 005 | 20250320103426.0 | ||
| 008 | 250312t1981 caua f 001 0 eng d | ||
| 020 | _a0816272840 (volume 1) | ||
| 040 |
_aEG-ScBUE _beng _erda _cEG-ScBUE _dEG-ScBUE |
||
| 082 | 0 | 4 |
_a530 _bROL _222 |
| 100 | 1 |
_aRoller, Duane Emerson, _eauthor. |
|
| 245 | 1 | 0 |
_aPhysics. _nvolume 1, _pMechanics, waves, and thermodyamics / _cDuane E. Roller, late professor of physics, Harvey Mudd college, Ronald Blum academic coordinator, Maryland state universities and colleges ; with the special editorial assistance of Sumner Davis, professor of physics, university of California, Berkeley, Anthony J. Buffa, professor of physics, California polytechnic state university, San Luis Obispo. |
| 246 | 3 | 0 | _aMechanics, waves, and thermodyamics |
| 264 | 1 |
_aSan Francisco, California : _bHolden-Day, _c[1981] |
|
| 264 | 4 | _cc1981 | |
| 300 |
_a1 volume (xv, 818 pages) : _billustrations ; _c27 cm |
||
| 336 |
_2rdacontent _atext _btxt |
||
| 337 |
_aunmediated _2rdamedia _bn |
||
| 338 |
_avolume _bnc _2rdacarrier |
||
| 500 | _aIncludes index. | ||
| 505 | 1 | _aVolume 1. Mechanics, waves, and thermodynamics -- volume 2. Electricity, magnetism, and light. | |
| 650 | 7 |
_aPhysics. _2BUEsh |
|
| 655 | _vReading book | ||
| 700 | 1 |
_aBlum, Ronald, _d1933- _eauthor. |
|
| 700 | 1 |
_aDavis, Sumner P., _eeditor. |
|
| 700 | 1 |
_aBuffa, Anthony J., _eeditor. |
|
| 942 |
_cBB _2ddc |
||
| 999 |
_c1674 _d1674 |
||